000 00492nam a22001817a 4500
005 20251108165211.0
008 250721s1988 xx 000 0 ara d
082 1 4 _a956/محم
100 1 _aعمارة، محمد
245 1 0 _aمعارك العرب ضد الغزاة /
250 _aط2
264 1 _aدمشق :
_bدار قتيبة،
_c1988.
300 _a184ص
650 1 7 _aتاريخ العرب
650 1 7 _aالحضارة الإسلامية
942 _2ddc
_cBK
999 _c21975
_d21975